[Event "CRO-ch U13"]
[Site "Trogir"]
[Date "2023.06.23"]
[Round "5"]
[White "Nimac Kalcina, Vito"]
[Black "Smudj, Filip"]
[Result "1-0"]
[WhiteElo "1399"]
[BlackElo "1088"]
[PlyCount "29"]
[EventDate "2023.06.21"]
[EventType "swiss"]
[EventRounds "9"]
[EventCountry "CRO"]
[SourceTitle "EXT 2024"]
[Source "ChessBase"]
[SourceDate "2023.10.10"]
[SourceVersion "1"]
[SourceVersionDate "2023.10.10"]
[SourceQuality "1"]

1. e4 c5 2. Nf3 a6 3. d4 cxd4 4. Nxd4 e5 5. Nf3 Nf6 6. Nc3 Bb4 7. Bc4 Nxe4 8. Qd5 Nd6 9. Qxe5+ Qe7 10. Qxe7+ Kxe7 11. Bd3 Re8 12. 0-0 Kf8 13. Bf4 Kg8 14. Nd5 g5 15. Nxg5 1-0

[Event "CRO-ch U11"]
[Site "Trogir"]
[Date "2021.06.23"]
[Round "7"]
[White "Smudj, Filip"]
[Black "Juric, Vito"]
[Result "0-1"]
[WhiteElo "1656"]
[BlackElo "1244"]
[PlyCount "64"]
[EventDate "2021.06.19"]
[EventType "swiss"]
[EventRounds "9"]
[EventCountry "CRO"]
[SourceTitle "EXT 2022"]
[Source "ChessBase"]
[SourceDate "2021.10.06"]
[SourceVersion "1"]
[SourceVersionDate "2021.10.06"]
[SourceQuality "1"]

1. e4 c5 2. Nf3 Nc6 3. Bc4 g6 4. 0-0 Bg7 5. Nc3 Nf6 6. d3 0-0 7. Bf4 d6 8. h3 e5 9. Bg5 h6 10. Bh4 g5 11. Nxg5 hxg5 12. Bxg5 Qd7 13. Bb5 a6 14. Bc4 b5 15. Bd5 Rb8 16. Qf3 Nd4 17. Qg3 Nh5 18. Qh4 Nf4 19. Bxf4 exf4 20. Qh5 f3 21. e5 fxg2 22. Bxg2 Bb7 23. Bxb7 Rxb7 24. Ne4 Qf5 25. Qxf5 Nxf5 26. exd6 Rd7 27. Nxc5 Rxd6 28. c3 Rg6+ 29. Kh2 Re8 30. Rae1 Rxe1 31. Rxe1 Nh4 32. Rg1 Nf3+ 0-1